LEADER 01278nam a2200313 i 4500 001 991002062539707536 005 20020503160725.0 008 000505s1984 it ||| | ita 035 $ab10311415-39ule_inst 035 $aEXGIL96893$9ExL 040 $aBiblioteca Interfacoltà$bita 082 0 $a945.74 100 1 $aBuko, A.$0459366 245 10$aCaputaquis medievale. 2 /$cdi A. Buko, R. D'Andria, A. Girdwoyn ; ricerche 1974-1980 con una presentazione di Nicola Cilento e Witold Hensel 260 $aNapoli :$bEdizioni scientifiche italiane,$c1984 300 $a409 p., tav. ;$c24 cm 490 0 $aPubblicazioni dell'Università degli studi di Salerno. Sezione di studi di filologia, letteratura, storia e archeologia del mondo classico ;$v1 650 4$aSalerno$ySec. 5.-12. 650 4$aScavi archeologici - Salerno$y1973-1980 700 1 $aD'Andria, R. 700 1 $aGirdwoyn, A. 700 1 $aCilento, Nicola 700 1 $aHensel, Witold 907 $a.b10311415$b17-02-17$c27-06-02 912 $a991002062539707536 945 $aLE002 St. XVII M 21$g1$i2002000714107$lle002$o-$pE0.00$q-$rl$s- $t0$u0$v0$w0$x0$y.i10367238$z27-06-02 996 $aCaputaquis medievale. 2$9201504 997 $aUNISALENTO 998 $ale002$b01-01-00$cm$da $e-$fita$git $h0$i1